000 00557 a2200145 4500
082 _aBICSE-2
100 _a M. Harris Ghaus
_992319
245 _aSimulation of Adaptive OFDM [Project BICSE2]
_cM. Harris Ghaus
260 _a Islamabad,
_bNUST School of Electrical Engineering & Computer Science,
_c2008.
300 _a viii, 74 p
_b : ill.
_c; 27 cm. +
_e CD-ROM
500 _aSupervisors : Ms. Khalida Noori, Mr. Sami Ahmad.
700 _aObaid ur Rehman
_992320
856 _uhttp://10.250.8.41:8080/xmlui/handle/123456789/10735
942 _cPR
_kBICSE-2 HAR
_2ddc
999 _c9148
_d9148